000 00600cam a22002411 4500
001 sa 68012490
003 DLC
005 20260227112611.0
008 900221s1968 ii 000 0 sano
010 _asa 68012490
035 _a(OCoLC)21104551
040 _aDLC
_cWaU
_dDLC
041 0 _asanhin
042 _apremarc
050 0 0 _aPK3791.B4
_bP3 1968
100 0 _aBhāsa.
245 1 0 _aPañcarātram.
260 _c[1968]
300 _a15, 141, 5 p.
_c19 cm.
500 _aHindi and Sanskrit; introductory matter in Hindi.
500 _aA play.
700 0 _aNigamanand,
_cSwami,
_d1915-
999 _c84550
_d84550